Cities in Countries with the Same Starting Letter - Statistics

General Stats
  • This quiz has been taken 25 times
  • The average score is 10 of 20
Answers on the Map
Answers color-coded by a green-red scale on the quiz's map according to % correct below.
 
Answer Stats
Country City % Correct
Mexico Mexico City
96%
Brazil Brasília
92%
South Korea Seoul
84%
Singapore Singapore
84%
Algeria Algiers
80%
Taiwan Taipei
72%
Brazil Belo Horizonte
64%
China Chengdu
56%
Colombia Cali
48%
China Chongqing
44%
Iran Isfahan
44%
Venezuela Valencia
44%
China Changsha
40%
India Indore
40%
South Africa Soweto
32%
China Changchun
20%
China Changzhou
8%
China Chaozhou
4%
China Changshu
0%
Kenya Kakamega
0%
No matching quizzes found
Score Distribution
Percent of People with Each Score
Percentile by Number Answered
Your Score History
You have not taken this quiz